00413cam a2200133 a 4500020003200000040000800032082002600040100002200066245004300088250001200131260003500143300008300178650001800261 a007248392X (acidfree paper) cDLC00a302 MCG 2003 A017 Or.1 aGriffin, Emory A.12aA first look at communication theory / a5th ed. aBoston :bMcGraw-Hill,cc2003. axxii, 518, A-24, E-23, C-2, I-18 p. :bill. ;c23 cm. +e2 CD-ROMs (4 3/4 in.) 0aCommunication